00707nam a2200241 4500003000400000005001700004008004100021040001800062041000800080050001500088100003500103245004000138264003700178300002500215336002200240337002400262338002400286490003900310650003500349830004900384942001500433999001700448OSt20260530115258.0260508b1969 sp |||| |||| 00| 0 spa d aICIbspacICI aspa aNA680bB561 aBohigas, Oriol, d1925-93073810aContra una arquitectura adjetivada. 1b Seix Barral,c1969aBarcelona : a173 páginasc18cm. atexto2rdacontent asin medio2rdamedia avolumen2rdacarrier0 aBiblioteca breve de bolsillo ;v554 aArquitectura modernaySiglo XX0 aBiblioteca breve (Barcelona España)930740 2lcccBKn1 c12690d12690